| 000 | 00589nam a2200193Ia 4500 | ||
|---|---|---|---|
| 999 |
_c35515 _d35515 |
||
| 003 | OSt | ||
| 005 | 20201218123553.0 | ||
| 008 | 190216s9999||||xx |||||||||||||| ||und|| | ||
| 020 | _a0712104461 | ||
| 040 | _coclc | ||
| 082 |
_a330.03 _bHAN/D |
||
| 100 | 1 |
_aHanson, John Lloyd _9690 |
|
| 245 | 0 |
_a A Dictionary Of Economics And Commerce / _cJohn Lloyd Hanson |
|
| 250 | _a5th Ed. | ||
| 260 |
_bMacdonald And Evans, _c1969. _aEngland: |
||
| 300 | _a474p | ||
| 650 | _aSahithyam-Dictionary Of Commerc & Economics | ||
| 942 |
_cREF _2ddc _h330.03 _iHAN/D _k330.03 _mHAN/D |
||